Pusat sumber pendidikan : negeri,dearah dan sekolah

Bibliographic Details
Main Author: Ab.Rahim Selamat
Other Authors: Ismail Haji Adnan
Format: Book
Published: Kuala Lumpur : Nurin Enterprise , 1990
Subjects:

MARC

LEADER 00000cam a2200000 7i4500
001 0000004751
002 000005122
005 20000330.0
020 |a T000000408 
090 0 0 |a 027.8   |b ABD 
100 0 |a Ab.Rahim Selamat 
245 1 0 |a Pusat sumber pendidikan :   |b negeri,dearah dan sekolah   |c oleh Ab.Rahim Selamat dan Ismail Haji Adnan 
260 |a Kuala Lumpur :   |b Nurin Enterprise ,   |c 1990 
300 |a 274p. ;   |c 23cm. 
650 0 0 |a Resonce cuntre 
700 0 |a Ismail Haji Adnan 
999 |a 032807   |b BUKU   |c RUJUKAN   |e PERPUSTAKAAN KOMUNITI PETALING JAYA